000 00889nam0a2200289 i 4500
001 RU\NLR\BIBL_A\011497704
005 20240921181627.0
010 _a9785950037351
_9150
021 _aRU
_b2017-70100
_94978
035 _a(RuMoRGB)009394455
035 _a(NLR Aleph) 011497704
090 _a11980390
_c11980390
100 _a20171017d2017 um y0rusy50 ca
101 0 _arus
102 _aRU
105 _ay|||z|||000ay
200 1 _aОтчизна минус Я
_fАнтонина Щербак-Корзун
210 _aСаратов
_cАмирит
_d2017
215 _a326, [1] с.
_d21
686 _aШ5(2=Р)64-644
_2rubbk
686 2 _aШ6(2=Ук)77-440.4
700 1 _aЩербак-Корзун
_bА. Н.
_gАнтонина Николаевна
_9180051
_3RU\NLR\AUTH\770180102
942 _cBOOK
980 _aNBR